LEADER 01324nam a2200301 u 4500 001 000000028531 003 CaOOAMICUS 005 20070226111819.0 008 960726m19541955gw u000 u grc u 035 $a10737308 040 $aPUL(R)$bita 041 0 $agrc$alat 100 1 $aDiehl, Ernst,$d1874-1944.$0(OLS)http://pul/name/3805 245 10$aAnthologia lyrica graeca /$cedidit Ernestus Diehl. 250 $aEditio stereotypa editionis tertiae. 260 $aLipsiae :$bin aedibus B. G. Teubneri,$c1954-1955. 300 $a3 v. ;$c21 cm 490 1 $aBibliotheca scriptorum Graecorum et Romanorum Teubneriana 500 $aIncludes index. 505 0 $a1. Poetae elegiaci. - 2. Theognis. - Ps.-Pythagoras. Ps.-Phocylides. Chares. Anonymi Avlodia. - 3. Iamborum scriptores. 650 4$aLetteratura classica.$0(OLS)http://pul/subject/5015 830 0$aBibliotheca scriptorum Graecorum et Romanorum Teubneriana.$0(OLS)http://pul/title/1299 850 $aPUL 852 $aPUL$W1$xDP1 Fondo Ciprotti$y59$m1547 D 19$j39607$nBK-PRI$b $qFondi$B39607$CPULBib$Z2$F39607 $H $81 941 1 $a1 961 $aINV: Fondo Ciprotti 996 $6245$aAnthologia lyrica graeca$9(OLS)http://pul/title/38956 996 $6260$aLipsiae :$bin aedibus B. G. Teubneri$9(OLS)http://pul/publisher/47874 LEADER 01597nam a2200313 a 4500 001 000000155086 003 CaOOAMICUS 005 20161014112616.0 008 161014s1969 it u000 u ita r 032 $aLibriCat 040 $aPUL$bita 100 1 $aFilippi, Luigi Silvano.$0(OLS)http://pul/name/55490 245 10$aMaturità umana e celibato :$b(la maturità affettiva e la consacrazione a Dio) /$cLuigi Silvano Filippi. 260 $aRoma :$bPontificia Università S. Tommaso d'Aquino,$c1969$aBrescia :$bLa Scuola 300 $a333 p. ;$c20 cm. 490 1 $aAnalisi e sintesi ;$v15 500 $aIn testa al front.: Pontificia Studiorum Universitas a S. Thoma Aq. in Urbe. 502 $aTesi -- Pontificiam Universitatem S. Thomae de Urbe, Facultate S. Theologiae, 1969. 504 $aBibliografia in nota. 650 4$aCelibato ecclesiastico e religioso.$0(OLS)http://pul/subject/5927 710 2 $aPontificia Università S. Tommaso.$bFacoltà di teologia.$kTesi.$0(OLS)http://pul/name/81834 830 0$aAnalisi e sintesi ;$v15.$0(OLS)http://pul/title/10500 850 $aPUL 852 $aPUL$W1$xDP1 Tesi Pon. Univ. S. Tommaso$y44$mTH S.THOM TH436$j178144$qTesi$B181361$CPULBib$Z2$F181361 $H32741 $81 941 1 $a16 996 $6245$aMaturità umana e celibato :$b(la maturità affettiva e la consacrazione a Dio)$9(OLS)http://pul/title/194720 996 $6260$aRoma :$bPontificia Università S. Tommaso d'Aquino$9(OLS)http://pul/publisher/74417 996 $6260$aBrescia :$bLa Scuola$9(OLS)http://pul/publisher/48404